New horizons in catalysis : proceedings of the 7th International Congress on Catalysis, Tokyo, 30 June-4 July 1980 /
Guardado en:
| Autor Corporativo: | |
|---|---|
| Otros Autores: | , |
| Formato: | Libro |
| Idioma: | English |
| Publicado: |
Tokyo : Amsterdam : New York, N.Y. :
Kodansha ; Elsevier Scientific Pub. Co. ; [Sole distributor] for the U.S.A. and Canada by Elsevier North-Holland,
1981.
|
| Series: | Studies in surface science and catalysis ;
7 |
| Materias: | |
| Etiquetas: |
Agregar Etiqueta
Sin Etiquetas, Sea el primero en etiquetar este registro!
|
| LEADER | 01331cam a22002895a 4500 | ||
|---|---|---|---|
| 001 | EIQ.libpla000734 | ||
| 008 | 810324s1981####ja#a#####b####101#0#eng#d | ||
| 005 | 20060503182226.0 | ||
| 245 | 1 | 0 | |a New horizons in catalysis : |b proceedings of the 7th International Congress on Catalysis, Tokyo, 30 June-4 July 1980 / |c edited by T. Seiyama, K. Tanabe. |
| 260 | |a Tokyo : |b Kodansha ; |a Amsterdam : |b Elsevier Scientific Pub. Co. ; |a New York, N.Y. : |b [Sole distributor] for the U.S.A. and Canada by Elsevier North-Holland, |c 1981. | ||
| 300 | |a 2 v. (xxx, 1537 p.) : |b il. ; |c 24 cm. | ||
| 440 | 0 | |a Studies in surface science and catalysis ; |v 7 | |
| 504 | |a Incluye referencias bibliográficas e índices. | ||
| 020 | |a 0444997407 (pt. A) | ||
| 020 | |a 0444997393 (pt. B) | ||
| 111 | 2 | |a International Congress on Catalysis |n (7th : |d 1980 : |c Tokyo, Japan) | |
| 700 | 1 | |a Seiyama, T. |q (Tetsurao), |e ed., |4 edt |d 1920- | |
| 700 | 1 | |a Tanabe, K. |q (Kaozao), |e ed. |4 edt | |
| 082 | 0 | 0 | |a 541.3/95 |2 19 |
| 650 | 4 | |a Catálisis |x Congresos. | |
| 650 | 4 | |a Catalizadores |x Congresos. | |
| 650 | 0 | |a Catalysis |x Congresses. | |
| 650 | 0 | |a Catalysts |x Congresses. | |
| 010 | |a 81004068 | ||
| 040 | |a DLC |c DLC |d AR-BbSID | ||
| 859 | |a AR-BbSID |b BIB. PLAPIQUI |h 541.395 |i S 1 |p 2461 |v Parte A |3 Parte A | ||
| 859 | |a AR-BbSID |b BIB. PLAPIQUI |h 541.395 |i S 1 |p 2462 |v Parte B |3 Parte B | ||
